Մաղաքիա Օրմանյան : (Record no. 327493)
[ view plain ]
| 000 -LEADER | |
|---|---|
| fixed length control field | 01332nam a2200289 a 4500 |
| 001 - CONTROL NUMBER | |
| control field | 000984928 |
| 003 - CONTROL NUMBER IDENTIFIER | |
| control field | AM-YeHGA |
| 005 - DATE AND TIME OF LATEST TRANSACTION | |
| control field | 20250618074228.0 |
| 008 - FIXED-LENGTH DATA ELEMENTS--GENERAL INFORMATION | |
| fixed length control field | 131112s2013 ai r 000 0 arm d |
| 020 ## - INTERNATIONAL STANDARD BOOK NUMBER | |
| International Standard Book Number | 9789939905891 |
| 040 ## - CATALOGING SOURCE | |
| Original cataloging agency | AM-YeHGA |
| 041 0# - LANGUAGE CODE | |
| Language code of text/sound track or separate title | arm |
| 090 ## - LOCALLY ASSIGNED LC-TYPE CALL NUMBER (OCLC); LOCAL CALL NUMBER (RLIN) | |
| -- | 329245 |
| 100 1# - MAIN ENTRY--PERSONAL NAME | |
| Personal name | Սարվազյան, Լիլիթ Սերյոժայի |
| 245 10 - TITLE STATEMENT | |
| Title | Մաղաքիա Օրմանյան : |
| Remainder of title | (Ազգային-փիլիսոփայական հայեցակարգը / |
| Statement of responsibility, etc. | Լիլիթ Սարվազյան; ՀՀ ԳԱԱ, Փիլիսոփ., սոցիոլոգիայի և իրավ. ին-տ. |
| 246 14 - VARYING FORM OF TITLE | |
| Title proper/short title | Магакия Орманян |
| Remainder of title | (Национально-философская концепция) |
| 246 14 - VARYING FORM OF TITLE | |
| Title proper/short title | Maghaqia Ormanyan |
| Remainder of title | (National-philosophical consept) |
| 260 ## - PUBLICATION, DISTRIBUTION, ETC. | |
| Place of publication, distribution, etc. | Երևան : |
| Name of publisher, distributor, etc. | Եվրոպրինտ, |
| Date of publication, distribution, etc. | 2013. |
| 300 ## - PHYSICAL DESCRIPTION | |
| Extent | 368 էջ. |
| 490 1# - SERIES STATEMENT | |
| Series statement | Իմաստասէրք Հայոց |
| 504 ## - BIBLIOGRAPHY, ETC. NOTE | |
| Bibliography, etc. note | Մատենագիտ. էջ՝ 348 |
| 600 14 - SUBJECT ADDED ENTRY--PERSONAL NAME | |
| Personal name | Օրմանյան, Մաղաքիա |
| Titles and other words associated with a name | արքեպիսկոպոս, |
| Dates associated with a name | 1841-1918 |
| 9 (RLIN) | 1548 |
| 650 14 - SUBJECT ADDED ENTRY--TOPICAL TERM | |
| Topical term or geographic name entry element | Փիլիսոփայություն |
| 710 2# - ADDED ENTRY--CORPORATE NAME | |
| Corporate name or jurisdiction name as entry element | Գիտությունների ազգային ակադեմիա ՀՀ |
| 710 2# - ADDED ENTRY--CORPORATE NAME | |
| Corporate name or jurisdiction name as entry element | Փիլիսոփայության, սոցիոլոգիայի և իրավունքի ինստիտուտ ՀՀ ԳԱԱ |
| 830 #0 - SERIES ADDED ENTRY--UNIFORM TITLE | |
| Uniform title | Իմաստասէրք Հայոց |
| Withdrawn status | Lost status | Damaged status | Not for loan | Collection | Home library | Current library | Date acquired | Cost, normal purchase price | Shelving control number | Total checkouts | Full call number | Barcode | Date last seen | Price effective from | Koha item type | Public note | Source of classification or shelving scheme |
|---|---|---|---|---|---|---|---|---|---|---|---|---|---|---|---|---|---|
| General | Fundamental Scientific Library | Fundamental Scientific Library | 09/01/2017 | 3000.00 | AII/99009 | FL0274428 | 09/01/2017 | 09/01/2017 | Գրքեր / Books | 30 Days Loan | |||||||
| General | Fundamental Scientific Library | Fundamental Scientific Library | 09/01/2017 | 4000.00 | AII/99027 | FL0274459 | 09/01/2017 | 09/01/2017 | Գրքեր / Books | 30 Days Loan | |||||||
| General | Fundamental Scientific Library | Fundamental Scientific Library | 17/01/2019 | AII/104120 | FL0542939 | 17/01/2019 | 17/01/2019 | Գրքեր / Books | 30 Days Loan | Universal Decimal Classification |
ՀՀ Գիտությունների ազգային ակադեմիայի հիմնարար գիտական գրադարան = Fundamental Scientific Library of NAS RA
All site content, except where otherwise noted, is licensed under a